000 00268 a2200097 4500
020 _a9789370984561
100 _aB. K. Harinarayanan
245 _aKunnamkulam tajmahal(കുന്നംകുളം താജ്‌മഹൽ)
260 _bD C books
_c2026
942 _cOO
999 _c115335
_d115334